Piazza Bangladesh : short stories /

Short stories.

Detaylı Bibliyografya
Yazar: Sobhan, Neeman (Yazar)
Materyal Türü: Kitap
Dil:English
Baskı/Yayın Bilgisi: Dhaka : Bengal Publications Limited, 2014.
Konular:
Classic Catalogue: View this record in Classic Catalogue
LEADER 01442nam a22003737i 4500
001 44471
003 BD-DhAAL
005 20250707141406.0
008 250707t2014 bg 000 1 eng d
010 |a  2014360364 
020 |a 9789849079293 
025 |a B-E-2014-360364; 11 
035 |a 18441284 
035 |a (MFDhaka)2014360364 
037 |b Library of Congress -- New Delhi Overseas Office 
040 |a DLC  |b eng  |e rda  |c DLC  |d DLC  |d BD-DhAAL 
042 |a lcode 
043 |a a-bg--- 
050 0 0 |a MLCS 2015/01188 (P) 
082 |a 823.92  |2 23 
100 1 |a Sobhan, Neeman,  |e author.  |9 58681 
245 1 0 |a Piazza Bangladesh :  |b short stories /  |c Neeman Sobhan. 
260 |a Dhaka :  |b Bengal Publications Limited,  |c 2014. 
300 |a 215 pages ;  |c 20 cm 
520 |a Short stories. 
541 |a Donated by Farhana Zahir, Assistant Professor, BRAC Business School  |e 44471 
546 |a In English. 
650 |a Short stories, English  |z Bangladesh.  |9 58682 
650 |a English fiction. 
655 |a Bangladeshi fiction (English).  |9 58683 
852 |a Ayesha Abed Library  |c General Stacks 
942 |2 ddc  |c BK 
999 |c 47324  |d 47324 
952 |0 0  |1 0  |2 ddc  |4 0  |6 823_920000000000000_SOB  |7 0  |9 77859  |a BRACUL  |b BRACUL  |c GEN  |d 2025-07-07  |e Donated by Farhana Zahir, Assistant Professor, BRAC Business School  |g 500.00  |l 0  |o 823.92 SOB  |p 3010044471  |r 2025-07-07  |t 1  |w 2025-07-07  |y BK  |x Donated by Farhana Zahir, Assistant Professor, BRAC Business School